000 01265nam a2200289 i 4500
001 bg
100 1 _aORLIK, Władysław
245 1 0 _aEgzamin kwalifikacyjny elektryka w pytaniach i odpowiedziach /
_cWładysław Orlik.
250 _aWyd. 4 popr. i uzup.
260 _aKrosno :
_bWydawnictwo i Handel Książkami "KaBe",
_c2006.
300 _a459 s. :
_bil. ;
_c24 cm.
504 _aBibliogr. s. 453-454, wykaz norm s. 454-456, wykaz aktów prawnych s. 457.
521 _aDla osób przygotowujących się do egzaminu w zakresie eksploatacji urządzeń, instalacji i sieci elektroenergetycznej a także dla osób zatrudnionych na stanowiskach dozoru nad eksploatacją urządzeń, instalacji i sieci elektroenergetycznych.
650 9 _aEgzaminy zawodowe
650 9 _aElektroenergetyka
_xurządzenia
_xobsługa i eksploatacja
650 9 _aElektrotechnika
655 _aPodręczniki
015 _aPB 3711/2006
020 _a8389387255
040 _cBPK
041 0 _apol
080 _a621.3(079)
920 _a83-89387-25-5
942 _cKS
008 s pl f |000 0 pol
999 _c51772
_d51772
856 _uhttp://koha.tu.koszalin.pl/cgi-bin/koha/opac-detail.pl?biblionumber=51772
_yKatalog online BPK